000 00354 a2200169 4500
001 182160
020 _a85-7164-059-9
040 _cMagnum
100 _aMiranda, Ana
240 1 0 _aBoca do inferno
_l
245 1 0 _aBoca do inferno
300 _a330
362 0 _a1999
440 1 _aCompanhia das Letras
697 _aLITERATURA GERAL
942 _cBK
999 _c182160
_d182160